Entry Nombre personal
001 - NÚMERO DE CONTROL
- campo de control: 175432
003 - IDENTIFICADOR DE NÚMERO DE CONTROL
- campo de control: SpMaBN
005 - FECHA Y HORA DE LA ÚLTIMA TRANSACCIÓN
- campo de control: 20250815070542.0
008 - ELEMENTOS DE DATO DE LONGITUD-FIJA
- campo de control de longitud fija: 910730nn aijnnaabn a aaa
016 ## - NÚMERO DE CONTROL DE UNA AGENCIA BIBLIOGRÁFICA NACIONAL
- Número de control del registro: BNE19942155676
024 7# - IDENTIFICADOR DE OTROS ESTÁNDARES
- Número estándar o código: http://viaf.org/viaf/253462414/
- Fuente: viaf
024 8# - IDENTIFICADOR DE OTROS ESTÁNDARES
- Número estándar o código: http://www.larramendi.es/aut/POLI20090015456
024 8# - IDENTIFICADOR DE OTROS ESTÁNDARES
- Número estándar o código: https://data.cervantesvirtual.com/person/9083
024 8# - IDENTIFICADOR DE OTROS ESTÁNDARES
- Número estándar o código: https://data.cervantesvirtual.com/person/65089
024 7# - IDENTIFICADOR DE OTROS ESTÁNDARES
- Número estándar o código: https://isni.org/isni/000000011065388X
- Fuente: isni
024 7# - IDENTIFICADOR DE OTROS ESTÁNDARES
- Número estándar o código: http://www.wikidata.org/entity/Q363923
- Fuente: wikidata
040 ## - FUENTE DE CATALOGACIÓN
- Centro catalogador/agencia de origen: SpMaBN
- Lengua de catalogación: spa
- Centro/agencia transcriptor: SpMaBN
- Normas de descripción: rdc
- Convención/Normas de encabezamiento de materia/tesauro: embne
046 ## - FECHAS CON CODIFICACIÓN ESPECIAL
- Fecha de nacimiento: 1509
- Fecha de la muerte: 1583
100 1# - ENCABEZAMIENTO-NOMBRE DE PERSONA
- Nombre de persona: Pinto, Fernão Mendes,
- Fechas asociadas al nombre: ca. 1509-1583
370 ## - LUGAR ASOCIADO
- Lugar de nacimiento: Montemor-o-Velho
- Fuente de información: Wikidata
374 ## - OCUPACIÓN
- Ocupación: Escritores
- Ocupación: Exploradores
- Fuente de información: Wikidata
375 ## - GÉNERO/SEXO
- Género: Masculino
377 ## - IDIOMA ASOCIADO
- Término de lengua/lenguaje: Portugués
400 1# - TRAZADO DE VÉASE--NOMBRE DE PERSONA
- Nombre de persona: Mendes Pinto, Fernão,
- Fechas asociadas al nombre: ca. 1509-1583
400 1# - TRAZADO DE VÉASE--NOMBRE DE PERSONA
- Nombre de persona: Méndez Pinto, Fernán,
- Fechas asociadas al nombre: ca. 1509-1583
400 1# - TRAZADO DE VÉASE--NOMBRE DE PERSONA
- Nombre de persona: Méndez Pinto, Fernando,
- Fechas asociadas al nombre: ca. 1509-1583
670 ## - FUENTE DE DATOS ENCONTRADOS
- Cita de la fuente: Peregrinação, 1996
- Información encontrada: port. (Fernão Mendes Pinto)
670 ## - FUENTE DE DATOS ENCONTRADOS
- Cita de la fuente: Historia oriental de las peregrinaciones de Fernan Mendez Pinto, 1627
670 ## - FUENTE DE DATOS ENCONTRADOS
- Cita de la fuente: WWW Porbase BN Portugal, 12-5-2003
- Información encontrada: (Pinto, Fernão Mendes, 1514?-1583)
670 ## - FUENTE DE DATOS ENCONTRADOS
- Cita de la fuente: WWW VIAF, Portugal, 26-6-2014
- Información encontrada: (Pinto, Fernão Mendes, ca 1509-1583)
670 ## - FUENTE DE DATOS ENCONTRADOS
- Cita de la fuente: Fernán Méndez Pinto "travels", 2002
- Información encontrada: (Fernão Mendes Pinto; 1510-1583)
670 ## - FUENTE DE DATOS ENCONTRADOS
- Cita de la fuente: WWW Wikipedia, 26-6-2014
- Información encontrada: (Fernão Mendes Pinto; Montemor-o-Velho, Portugal, ¿1510-14? -Pragal, Portugal, 8 de julio de 1583; explorador y aventurero portugués, recordado por haber formado parte en 1543, como jesuita, de la primera expedición portuguesa que logró llegar a Japón)
- Identificador Uniforme de Recursos: http://es.wikipedia.org/wiki/Fern%C3%A3o_Mendes_Pinto
